Az energetikai fókuszú induló vállalkozásokat támogató hazai pénzügyi eszközök elemzése

Bibliográfiai részletek
Szerző: Bede-Fazekas Máté
További közreműködők: Ilyés Dr. Csaba
Dokumentumtípus: Diplomadolgozat
Kulcsszavak:pénzügyi eszköz
induló vállalkozás
energetika
Online Access:http://dolgozattar.uni-bge.hu/11598

MARC

LEADER 00000nta a2200000 i 4500
001 dolg11598
005 20170517083353.0
008 170517suuuu hu om 000 hun d
040 |a BGE Dolgozattár Repozitórium  |b hun 
041 |a hu 
100 1 |a Bede-Fazekas Máté 
245 1 3 |a Az energetikai fókuszú induló vállalkozásokat támogató hazai pénzügyi eszközök elemzése  |c Bede-Fazekas Máté  |h [elektronikus dokumentum] 
695 |a pénzügyi eszköz 
695 |a induló vállalkozás 
695 |a energetika 
700 1 |a Ilyés Dr. Csaba  |e ths 
856 4 0 |u http://dolgozattar.uni-bge.hu/11598/1/Szakdolgozat_Bede-Fazekas%20M%C3%A1t%C3%A9.pdf  |z Dokumentum-elérés